Thượng cổ Tây phương
Spremljeno u:
| Glavni autor: | |
|---|---|
| Format: | Knjiga |
| Oznake: |
Dodaj oznaku
Bez oznaka, Budi prvi tko označuje ovaj zapis!
|
| Thư viện lưu trữ: | Mạng thư viện Đại học Đà Nẵng |
|---|
| LEADER | 00611nam a2200205 4500 | ||
|---|---|---|---|
| 001 | 000013976 | ||
| 003 | 10328 | ||
| 005 | 20150812150856.0 | ||
| 008 | 120327s sd | ||
| 100 | 0 | |a Phạm Cao Dương | |
| 245 | 0 | 0 | |a Thượng cổ Tây phương |c Phạm Cao Dương |
| 774 | |a Phạm Cao Dương |d Nxb. Trình bầy |d Sài Gòn |d 1967 |g Tập 1 |h 112 tr. |t Tây Á và Ai Cập |w 10330 | ||
| OWN | |a LSP | ||
| 999 | |a From the UDN01 | ||
| TYP | |a Monograph | ||
| TYP | |a Printed language | ||
| 980 | |a Mạng thư viện Đại học Đà Nẵng | ||